Australia vs India Test Cricket Playing XIs 2024/25 - Statistics

General Stats
  • This quiz has been taken 89 times
  • The average score is 25 of 31
Answer Stats
Hint Answer % Correct
Batsman Steve Smith
99%
Batsman Virat Kohli
99%
Bowler (c) Pat Cummins
97%
Bowler Jasprit Bumrah
96%
Bowler Josh Hazlewood
95%
Bowler Mitchell Starc
95%
Batsman Usman Khawaja
95%
Wicket Keeper Alex Carey
93%
Bowler Nathan Lyon
93%
Batsman Marnus Labuschagne
92%
Batsman Travis Head
92%
Batsman (c) Rohit Sharma
91%
Batsman Yashasvi Jaiswal
89%
Bowler Scott Boland
88%
Batsman KL Rahul
85%
All-Rounder Mitchell Marsh
85%
Bowler Mohammed Siraj
85%
Wicket Keeper Rishabh Pant
85%
All-Rounder Nitish Kumar Reddy
84%
All-Rounder Ravindra Jadeja
84%
Batsman Sam Konstas
82%
All-Rounder Beau Webster
81%
Batsman Shubman Gill
81%
Batsman Nathan McSweeney
80%
All-Rounder Ravichandran Ashwin
73%
All-Rounder Washington Sundar
73%
Bowler Prasidh Krishna
55%
Bowler Harshit Rana
54%
Bowler Akash Deep
51%
Batsman Dhruv Jurel
45%
Batsman Devdutt Padikkal
41%
No matching quizzes found
Score Distribution
Percent of People with Each Score
Percentile by Number Answered
Your Score History
You have not taken this quiz